00443nam a2200157Ia 4500008004100000020000700041082002100048100002000069245007300089250000900162260003700171300003000208500000700238600002000245650002000265240925s9999 xx 000 0 und d aNA a382.60294911 JAM aUS Publication 0aJamal's Yellow Pages of Pakistan 2007: industrial / commercial guide a24th aKarachi:bUS Publicationc,2007. axvi,624p.bIIIfPhotocopy aNA aSocial Sciences aSocial Sciences